| 000 | 00000nam##2200000za#4500 |
| 001 | 9.531234 |
| 003 | CaOODSP |
| 005 | 20210615083050 |
| 007 | ta |
| 008 | 150406|1998||||xxc||||| f|0| 0 eng|d |
| 020 | |a0-662-63794-1 |
| 040 | |aCaOODSP|beng |
| 041 | |aeng |
| 041 | |afre |
| 043 | |an-cn--- |
| 086 | 1 |aC21-27/1-1998-4 |
| 110 | 1 |aCanada. |bIndustry Canada. |
| 245 | 10|aDemographic trends in Canada, 1996-2006 : |bimplications for the public and private sectors / |cby David K. Foot, Richard A. Loreto and Thomas W. McCormack. |
| 260 | |aOttawa - Ontario : |bIndustry Canada |c1998. |
| 300 | |aEnglish text, 52p. : |bgraphs, references, tables ; |c23 cm. |
| 490 | 1 |aCanada in the XXIst century. I, Scene setting|vNo. 4 |
| 546 | |aBilingual |
| 563 | |aSoftcover |
| 590 | |a99-43|b1999-10-29 |
| 690 | 07|aDemography|2gcpds |
| 690 | 07|aPrivate sector|2gcpds |
| 690 | 07|aPublic sector|2gcpds |
| 690 | 07|aLabour market|2gcpds |
| 720 | 1 |aFoot, David K. |
| 720 | 1 |aLoreto, Richard A. |
| 720 | 1 |aMcCormack, Thomas W. |
| 776 | 0#|tDemographic trends in Canada, 1996-2006 : |w(CaOODSP)9.571950 |
| 776 | 0#|tLes tendances démographiques au Canada, 1996-2006 : |w(CaOODSP)9.602370 |
| 792 | |tLes tendances démographiques au Canada, 1996-2006 : |efre|w(CaOODSP)9.531235 |
| 830 | #0|aCanada in the XXIst century. I, Scene setting ;|vNo. 4|w(CaOODSP)9.509062 |